[Event "33ème Open International d'Avoine"]
[Site "Avoine"]
[Date "2018.07.21"]
[Round "2.17"]
[White "Girel, Joseph"]
[Black "Real, Thibault"]
[Result "0-1"]
[WhiteElo "2011"]
[BlackElo "2246"]
[PlyCount "106"]
[EventDate "2018.??.??"]

1. d4 Nf6 2. c4 e6 3. Nf3 d5 4. g3 b6 5. Bg2 Bb7 6. b3 dxc4 7. bxc4 c5 8. O-O
cxd4 9. Nxd4 Bxg2 10. Kxg2 Bc5 11. Nb3 Qxd1 12. Rxd1 Nbd7 13. Nc3 Be7 14. Nb5
O-O 15. Bf4 e5 16. Bg5 Rfc8 17. Nd6 Bxd6 18. Rxd6 Rxc4 19. Rad1 h6 20. Be3 Rc7
21. a4 Nc5 22. Nxc5 bxc5 23. Bxh6 Ne4 24. Rd8+ Rxd8 25. Rxd8+ Kh7 26. Bd2 c4
27. f3 Nc5 28. a5 Na4 29. Kf2 c3 30. Bc1 Nc5 31. Be3 Nb3 32. a6 c2 33. Rb8 Nc5
34. Bc1 Nxa6 35. Rb2 Rc4 36. Ra2 Nc5 37. Rxa7 Nb3 38. Bb2 f6 39. Ra2 c1=Q 40.
Bxc1 Rxc1 41. f4 exf4 42. gxf4 Rc4 43. e3 Nc5 44. Kf3 f5 45. Ra5 Rc2 46. h4 Kg6
47. h5+ Kxh5 48. Ra8 Rc3 49. Rf8 Kg6 50. Re8 Ne4 51. Re7 Nd2+ 52. Ke2 Nc4 53.
Re8 Kf7 0-1

[Event "33ème Open International d'Avoine"]
[Site "Avoine"]
[Date "2018.07.21"]
[Round "2.18"]
[White "Bonnaud, Remy"]
[Black "Suez-Panama, Gilles"]
[Result "1-0"]
[WhiteElo "2234"]
[BlackElo "2010"]
[PlyCount "71"]
[EventDate "2018.??.??"]

1. e4 e6 2. d4 d5 3. Nc3 Nf6 4. Bd3 c5 5. exd5 exd5 6. dxc5 Bxc5 7. Nf3 O-O 8.
O-O Bg4 9. h3 Bh5 10. Bg5 Nc6 11. a3 a6 12. Rb1 Kh8 13. Bf5 Ne7 14. Bxf6 gxf6
15. Qd3 Qd6 16. Nh4 Rg8 17. Kh1 Qf4 18. g3 Qg5 19. Rbe1 Rad8 20. Bxh7 Rg7 21.
Bf5 Nc6 22. Nxd5 Ne5 23. Rxe5 fxe5 24. c4 Bd4 25. Nf3 Bxf3+ 26. Qxf3 Bxb2 27.
Rb1 Rd6 28. Kh2 Bd4 29. Rxb7 Rd8 30. Be4 f5 31. Rxg7 Kxg7 32. Bxf5 Rb8 33. h4
Qh6 34. Nc7 Rb2 35. Ne6+ Kh8 36. Qa8+ 1-0

[Event "33ème Open International d'Avoine"]
[Site "Avoine"]
[Date "2018.07.21"]
[Round "2.19"]
[White "Mas, Victor"]
[Black "Devallee, Jeremie"]
[Result "1-0"]
[WhiteElo "2006"]
[BlackElo "2230"]
[PlyCount "97"]
[EventDate "2018.??.??"]

1. d4 c5 2. d5 Nf6 3. c4 b5 4. cxb5 a6 5. bxa6 g6 6. Nc3 Bxa6 7. e4 Bxf1 8.
Kxf1 d6 9. g3 Bg7 10. Kg2 Na6 11. f4 O-O 12. Nf3 Qb6 13. e5 Nd7 14. Qe2 Nc7 15.
h4 Qb7 16. Rd1 dxe5 17. fxe5 e6 18. d6 Na6 19. Qe4 Qxe4 20. Nxe4 Nb4 21. a3 Nc6
22. Bf4 Rfb8 23. Rd2 Na5 24. Rc2 Nb3 25. Rd1 Ra4 26. Nc3 Ra5 27. Re2 h6 28. Ne4
Kh7 29. g4 Nb6 30. Nc3 c4 31. g5 Nc5 32. gxh6 Bxh6 33. Bxh6 Kxh6 34. Rf1 Kg7
35. Ng5 Ra7 36. Ref2 Rf8 37. Nb5 Rd7 38. Nd4 Nd5 39. Ngxe6+ fxe6 40. Rxf8 Ne3+
41. Kh3 Nxf1 42. Rxf1 Rb7 43. Rf6 Kh6 44. Nxe6 Rb3+ 45. Kg4 Nd3 46. Rf8 Kh7 47.
Ng5+ Kg7 48. Rf7+ Kg8 49. Re7 1-0

[Event "33ème Open International d'Avoine"]
[Site "Avoine"]
[Date "2018.07.21"]
[Round "2.20"]
[White "Dupont, Victor"]
[Black "Grimberg, Gilbert"]
[Result "1/2-1/2"]
[WhiteElo "1999"]
[BlackElo "2229"]
[PlyCount "94"]
[EventDate "2018.??.??"]

1. d4 Nf6 2. Nf3 g6 3. g3 Bg7 4. Bg2 O-O 5. O-O d5 6. c4 dxc4 7. Ne5 Ne8 8. Na3
Nd6 9. Be3 Nc6 10. Nxc6 bxc6 11. Qd2 Be6 12. Bxc6 Rb8 13. Rac1 Rb6 14. Bg2 c6
15. Rc2 Bd5 16. Qa5 Qa8 17. Bg5 Re8 18. Qd2 Bxg2 19. Kxg2 c5+ 20. f3 Bxd4 21.
Be3 e5 22. Bxd4 exd4 23. Nxc4 Nxc4 24. Rxc4 Rbe6 25. Rf2 Qd5 26. b3 Re3 27. Qc2
R8e5 28. Ra4 Rc3 29. Qb2 Ree3 30. Rxa7 h5 31. b4 c4 32. b5 Re8 33. b6 Rce3 34.
Rc7 c3 35. Qc2 Rb8 36. Qb1 Qa5 37. Qb3 Re6 38. Qc4 Qxb6 39. f4 Qa6 40. Qxd4
Rxe2 41. Rxc3 Qa8+ 42. Rcf3 Rxa2 43. Rxa2 Qxa2+ 44. Rf2 Qa8+ 45. Kh3 Re8 46.
Qc5 Qe4 47. Qc2 Qxc2 1/2-1/2

[Event "33ème Open International d'Avoine"]
[Site "Avoine"]
[Date "2018.07.21"]
[Round "2.21"]
[White "Daeschler, Florian"]
[Black "De Coninck, Erik"]
[Result "1-0"]
[WhiteElo "2228"]
[BlackElo "1988"]
[PlyCount "101"]
[EventDate "2018.??.??"]

1. d4 e6 2. c4 f5 3. g3 Nf6 4. Bg2 Be7 5. Nf3 O-O 6. O-O d6 7. Nc3 Ne4 8. Nxe4
fxe4 9. Nd2 d5 10. f3 Nc6 11. fxe4 Rxf1+ 12. Nxf1 dxc4 13. Be3 Bd7 14. Rc1 b5
15. Nd2 Rb8 16. Nf3 a5 17. d5 Nb4 18. Ne5 Bf6 19. Nxd7 Qxd7 20. Bh3 Kh8 21.
Bxe6 Qd6 22. Qd2 Nxa2 23. Rf1 c3 24. bxc3 Nxc3 25. Qd3 b4 26. Rxf6 gxf6 27. Bd4
Rf8 28. Qf3 Qe7 29. Qe3 Nb5 30. Bc5 Nd6 31. e5 fxe5 32. Qxe5+ Qg7 33. Bd4 Ne8
34. Qe3 Nf6 35. g4 h6 36. h4 a4 37. g5 a3 38. Qf4 b3 39. d6 b2 40. Ba2 hxg5 41.
hxg5 cxd6 42. Bxf6 Rxf6 43. Qxf6 Qxf6 44. gxf6 Kh7 45. Kf2 Kg6 46. f7 b1=Q 47.
f8=N+ Kg7 48. Bxb1 Kxf8 49. Ke3 Ke7 50. Kd4 Ke6 51. Kc3 1-0

[Event "33ème Open International d'Avoine"]
[Site "Avoine"]
[Date "2018.07.21"]
[Round "2.22"]
[White "Engelmann, Herve"]
[Black "Frick, Christoph"]
[Result "1/2-1/2"]
[WhiteElo "1998"]
[BlackElo "2215"]
[PlyCount "42"]
[EventDate "2018.??.??"]

1. e4 c6 2. d4 d5 3. Nc3 dxe4 4. Nxe4 Nd7 5. Ng5 Ngf6 6. Bd3 e6 7. N1f3 Bd6 8.
Qe2 h6 9. Ne4 Nxe4 10. Qxe4 Qc7 11. Bd2 b6 12. O-O-O Bb7 13. Kb1 O-O-O 14. c4
c5 15. Qe2 Kb8 16. Be4 Ba6 17. Rc1 g5 18. Bc3 f6 19. dxc5 Nxc5 20. Rc2 Rhe8 21.
Nd4 Nxe4 1/2-1/2

[Event "33ème Open International d'Avoine"]
[Site "Avoine"]
[Date "2018.07.21"]
[Round "2.23"]
[White "De La Fontaine, Christophe"]
[Black "Ronce, Nathan"]
[Result "1/2-1/2"]
[WhiteElo "1989"]
[BlackElo "2198"]
[PlyCount "129"]
[EventDate "2018.??.??"]

1. d4 d5 2. e3 Nf6 3. c4 e6 4. Nf3 Be7 5. Bd3 O-O 6. O-O Nbd7 7. Nbd2 c5 8. b3
b6 9. Bb2 Bb7 10. Ne5 dxc4 11. Ndxc4 cxd4 12. exd4 b5 13. Ne3 a6 14. Qe2 Nb6
15. Rad1 Nfd5 16. f4 f5 17. Bb1 Rc8 18. Nd3 Nxe3 19. Qxe3 Qd5 20. Rf2 Nd7 21.
Qd2 Rfd8 22. Bc3 Nf6 23. Ne5 Qd6 24. Ba5 Re8 25. Bd3 Be4 26. Qe3 Qd5 27. Bb6
Bd6 28. h3 Re7 29. Rc1 Ree8 30. Rfc2 Qb7 31. Bc5 Bxe5 32. dxe5 Bxd3 33. Qxd3
Nd5 34. Be3 Red8 35. Rxc8 Rxc8 36. Rxc8+ Qxc8 37. a4 bxa4 38. bxa4 h6 39. Kh2
Kh7 40. g4 Qc6 41. gxf5 exf5 42. Qb3 Qc3 43. Qxc3 Nxc3 44. a5 Nd5 45. Bd2 Kg8
46. Kg3 Kf7 47. Kf3 Ke6 48. h4 h5 49. Be1 Nc7 50. Bb4 Kd5 51. Be1 Kc4 52. Bf2
Kd3 53. Bc5 Ne6 54. Bb6 Nf8 55. Bc5 Ne6 56. Bb6 Kc4 57. Ke3 Kd5 58. Kf3 Nf8 59.
Bd8 Kd4 60. Bb6+ Kc4 61. Ke3 Ne6 62. Kf3 Kd5 63. Ke3 Nf8 64. Bd8 Ne6 65. Bb6
1/2-1/2

[Event "33ème Open International d'Avoine"]
[Site "Avoine"]
[Date "2018.07.21"]
[Round "2.24"]
[White "Degardin, Sylvain"]
[Black "Radovanovic, Luka"]
[Result "1/2-1/2"]
[WhiteElo "2197"]
[BlackElo "1980"]
[PlyCount "106"]
[EventDate "2018.??.??"]

1. e4 c5 2. Nf3 Nc6 3. Nc3 g6 4. d4 cxd4 5. Nxd4 Bg7 6. Be3 Nf6 7. Bc4 O-O 8.
Bb3 Re8 9. O-O d6 10. h3 Na5 11. f4 Nxb3 12. axb3 Nd7 13. Nde2 Nb6 14. Qe1 Bd7
15. Qf2 Bc6 16. Rxa7 Nd7 17. Rxa8 Qxa8 18. Bd4 Nf6 19. e5 Ne4 20. Nxe4 Bxe4 21.
Ng3 b5 22. Nxe4 Qxe4 23. Re1 Qc6 24. exd6 Qxd6 25. Bxg7 Kxg7 26. Qe3 f6 27. Re2
Kf7 28. Rd2 Qc6 29. Qd4 Ra8 30. Qd5+ Qxd5 31. Rxd5 Ra1+ 32. Kf2 Rc1 33. Rc5 b4
34. Rc4 Ke6 35. c3 Rc2+ 36. Kf3 Rxb2 37. Rxb4 Kd5 38. Rb7 e5 39. fxe5 fxe5 40.
Rb5+ Kc6 41. Rxe5 Rxb3 42. Re3 Kd6 43. Kf4 Rb5 44. g4 h5 45. gxh5 gxh5 46. h4
Rc5 47. Rg3 Ke6 48. Rh3 Kd6 49. Ke4 Rc4+ 50. Kd3 Rg4 51. Kc2 Kc5 52. Kb3 Kb5
53. Rh2 Kc5 1/2-1/2

[Event "33ème Open International d'Avoine"]
[Site "Avoine"]
[Date "2018.07.21"]
[Round "2.25"]
[White "Navrotescu, Andreea-Cristiana"]
[Black "Lambert, Thomas"]
[Result "1-0"]
[WhiteElo "2182"]
[BlackElo "1967"]
[PlyCount "95"]
[EventDate "2018.??.??"]

1. c4 c6 2. e4 d5 3. cxd5 cxd5 4. exd5 Nf6 5. Nc3 Nxd5 6. Nf3 Nxc3 7. bxc3 Bg4
8. Qa4+ Bd7 9. Qb3 Qc7 10. Rb1 b6 11. d4 e6 12. Ne5 Bd6 13. Nxd7 Nxd7 14. Bd3
Rc8 15. Bd2 O-O 16. h3 Rfd8 17. O-O Bh2+ 18. Kh1 Bf4 19. Be1 Nc5 20. Qc2 Nxd3
21. Qxd3 Qc4 22. Qxc4 Rxc4 23. g3 Bc7 24. f4 g6 25. Kg2 a6 26. Rb3 Ra4 27. Rf2
b5 28. Kf3 Ba5 29. Ke3 Rc8 30. Kd3 Kf8 31. Re2 Ke7 32. g4 Kd6 33. f5 exf5 34.
gxf5 gxf5 35. Bh4 Rac4 36. Be7+ Kd7 37. Bc5 Bd8 38. Re5 f4 39. Rf5 Ke6 40. Rh5
Bf6 41. Rb1 Rg8 42. Re1+ Kd7 43. Rd5+ Kc7 44. Rf5 Bh4 45. Rxf7+ Kd8 46. Re2
Rg3+ 47. Kd2 Rgxc3 48. Bb6+ 1-0

[Event "33ème Open International d'Avoine"]
[Site "Avoine"]
[Date "2018.07.21"]
[Round "2.26"]
[White "Beghin, Ronan"]
[Black "Vallet, Marc"]
[Result "0-1"]
[WhiteElo "1986"]
[BlackElo "2182"]
[PlyCount "102"]
[EventDate "2018.??.??"]

1. e4 c5 2. Nf3 d6 3. d4 cxd4 4. Nxd4 Nf6 5. Nc3 a6 6. Be3 e5 7. Nb3 Be6 8. f3
Nbd7 9. g4 Nb6 10. g5 Nfd7 11. Qd2 Rc8 12. O-O-O Nc4 13. Bxc4 Rxc4 14. Nd5 b6
15. h4 a5 16. Qd3 Bxd5 17. Qxd5 Qc7 18. Kb1 Qc6 19. Qd2 a4 20. Nc1 Qc8 21. Nd3
d5 22. exd5 Bd6 23. h5 Qc7 24. b3 Rc3 25. Nf2 Bb4 26. Qe2 O-O 27. Ne4 Rc8 28.
Nxc3 Bxc3 29. g6 hxg6 30. d6 Qc6 31. hxg6 fxg6 32. Bg5 Rf8 33. f4 e4 34. Qg4
Rf5 35. Be7 Qc5 36. Qh3 Kf7 37. Qf1 b5 38. Rh3 Be5 39. Qe2 Rxf4 40. Re3 Qc6 41.
Rf1 Rxf1+ 42. Qxf1+ Nf6 43. Qe1 Nd5 44. Kc1 Bf4 45. Qf1 Qc5 46. Qxf4+ Nxf4 47.
Rxe4 Nd5 48. d7 Qxe7 49. Rxe7+ Kxe7 50. c4 bxc4 51. bxc4 Ne3 0-1

[Event "33ème Open International d'Avoine"]
[Site "Avoine"]
[Date "2018.07.21"]
[Round "2.27"]
[White "Weibel, Theo"]
[Black "Meunier-Pion, Jean"]
[Result "1-0"]
[WhiteElo "1964"]
[BlackElo "2170"]
[PlyCount "131"]
[EventDate "2018.??.??"]

1. e4 c5 2. Nf3 d6 3. d4 cxd4 4. Nxd4 Nf6 5. Nc3 a6 6. Qf3 e5 7. Nb3 Be6 8. h3
Nc6 9. Be3 Be7 10. g4 h6 11. Nd5 Bxd5 12. exd5 Nb4 13. Bd3 Nbxd5 14. Bd2 Qb6
15. O-O-O Nb4 16. Bxb4 Qxb4 17. Rhe1 Rc8 18. Kb1 Rc7 19. c3 Qa4 20. Bc2 Qb5 21.
h4 Qc6 22. Qg3 g5 23. hxg5 hxg5 24. f3 b5 25. Rc1 Qb6 26. Bf5 a5 27. Nd2 a4 28.
Ne4 Nd5 29. Qg1 Qxg1 30. Rxg1 Nf4 31. Rh1 Rh4 32. Rhe1 f6 33. Rcd1 d5 34. Nf2
a3 35. Nd3 Nh3 36. Nb4 Bxb4 37. cxb4 Nf4 38. bxa3 Ng2 39. Re2 Nf4 40. Rb2 Rh3
41. a4 d4 42. axb5 Nd5 43. Ka1 Nc3 44. Rf1 Ke7 45. Bd3 Kd6 46. a4 Rh8 47. a5
Rb7 48. Rc1 Rhb8 49. Rh1 Nxb5 50. Rh6 Nc3 51. Rxf6+ Kd5 52. b5 Rh8 53. Rd2 Kc5
54. b6 Kb4 55. a6 Ka3 56. Rf2 Rh1+ 57. Rf1 Rh2 58. Bc4 Kb4 59. Bg8 Rb8 60. Bf7
Rbh8 61. b7 Nb5 62. Rb6 Rh1 63. Rxb5+ Kxb5 64. Rxh1 Rxh1+ 65. Kb2 Rh2+ 66. Kb3
1-0

[Event "33ème Open International d'Avoine"]
[Site "Avoine"]
[Date "2018.07.21"]
[Round "2.28"]
[White "Mevel, Alberic"]
[Black "Vekemans, Denis"]
[Result "1-0"]
[WhiteElo "2169"]
[BlackElo "1961"]
[PlyCount "53"]
[EventDate "2018.??.??"]

1. e4 d5 2. exd5 Qxd5 3. Nc3 Qa5 4. d4 Nf6 5. Nf3 Bg4 6. h3 Bh5 7. g4 Bg6 8.
Ne5 c6 9. h4 Nbd7 10. Nc4 Qc7 11. h5 Be4 12. Nxe4 Nxe4 13. Qf3 Nd6 14. Bf4 Nf6
15. O-O-O Nd5 16. Bg3 O-O-O 17. Ne5 e6 18. c4 f6 19. Nd3 Qa5 20. cxd5 Qxa2 21.
dxc6 Nc4 22. cxb7+ Kd7 23. Nc5+ Bxc5 24. dxc5+ Ke7 25. Bxc4 Qxc4+ 26. Qc3 Qxg4
27. Rxd8 1-0

[Event "33ème Open International d'Avoine"]
[Site "Avoine"]
[Date "2018.07.21"]
[Round "2.29"]
[White "Primel, Dominique"]
[Black "Gely, Yann"]
[Result "0-1"]
[WhiteElo "1951"]
[BlackElo "2162"]
[PlyCount "74"]
[EventDate "2018.??.??"]

1. Nf3 d6 2. d4 Nf6 3. c4 g6 4. Nc3 Bg7 5. e4 O-O 6. h3 Na6 7. Be3 e5 8. d5 Nc5
9. Nd2 a5 10. a3 b6 11. b4 Nb7 12. g4 h6 13. f3 Nh7 14. Bg2 f5 15. Ke2 Bd7 16.
Kd3 c6 17. Qb3 a4 18. Qa2 Kh8 19. Rac1 Nf6 20. Kc2 Rc8 21. Kb1 b5 22. dxc6 Bxc6
23. cxb5 Be8 24. Bf1 Bf7 25. Bc4 Rxc4 26. Nxc4 Qc8 27. Nd5 Nxd5 28. exd5 Bxd5
29. Qc2 Bxf3 30. gxf5 gxf5 31. Nd2 Qxc2+ 32. Kxc2 Bxh1 33. Rxh1 Rc8+ 34. Kd3 d5
35. Nb1 d4 36. Bc1 e4+ 37. Kd2 Nd6 0-1

[Event "33ème Open International d'Avoine"]
[Site "Avoine"]
[Date "2018.07.21"]
[Round "2.30"]
[White "Budak, Rezan"]
[Black "Midy, Robin"]
[Result "0-1"]
[WhiteElo "1946"]
[BlackElo "2148"]
[PlyCount "92"]
[EventDate "2018.??.??"]

1. e4 g6 2. Nc3 Bg7 3. Nge2 c5 4. Nf4 Nc6 5. Bb5 Nd4 6. Bc4 e6 7. d3 Ne7 8. O-O
O-O 9. a4 a6 10. Be3 Rb8 11. Ra2 b5 12. axb5 axb5 13. Bb3 Nxb3 14. cxb3 b4 15.
Nb1 d6 16. Nd2 Rb5 17. Qc2 Bb7 18. Ra7 Nc6 19. Ra4 Qd7 20. Nf3 Rc8 21. Qd2 e5
22. Ne2 Na5 23. Qc2 Qe6 24. Ng5 Qxb3 25. Qxb3 Nxb3 26. f4 f6 27. Ne6 Nd4 28.
Bxd4 cxd4 29. Ra7 Kf7 30. f5 gxf5 31. exf5 Bh6 32. g3 Kg8 33. Rfa1 Be3+ 34. Kf1
b3 35. h3 h5 36. h4 Rb4 37. g4 hxg4 38. Ng3 Kf7 39. Ne4 Ke7 40. R1a6 Rc1+ 41.
Kg2 Rc2+ 42. Kg3 Rxb2 43. Ra4 Ra2 44. Rxb4 Rxa7 45. N4g5 fxg5 46. hxg5 Bd5 0-1

[Event "33ème Open International d'Avoine"]
[Site "Avoine"]
[Date "2018.07.21"]
[Round "2.31"]
[White "Merenciano, Alexandre"]
[Black "Navaratnam, Rohan Shan Tze"]
[Result "1/2-1/2"]
[WhiteElo "2139"]
[BlackElo "1943"]
[PlyCount "75"]
[EventDate "2018.??.??"]

1. e4 c5 2. Nf3 e6 3. d4 cxd4 4. Nxd4 Nc6 5. Nxc6 bxc6 6. Bd3 Nf6 7. Qe2 d5 8.
Nd2 Qc7 9. c4 Bd6 10. cxd5 cxd5 11. Bb5+ Bd7 12. Bxd7+ Nxd7 13. exd5 O-O 14.
dxe6 Rfe8 15. Nc4 Bb4+ 16. Kf1 Rxe6 17. Ne3 f5 18. Qf3 Rc6 19. Bd2 Bxd2 20.
Qd5+ Kh8 21. Qxd2 Nf6 22. Rd1 Re8 23. g3 f4 24. Nd5 Nxd5 25. Qxd5 Rc2 26. Kg2
Rxb2 27. Rhe1 Rf8 28. Rd2 Rxd2 29. Qxd2 h6 30. f3 fxg3 31. hxg3 Qc6 32. Re4 Rb8
33. g4 Qf6 34. Qc2 Rf8 35. Qe2 Qg6 36. Re6 Qb1 37. a4 Rb8 38. Re8+ 1/2-1/2

[Event "33ème Open International d'Avoine"]
[Site "Avoine"]
[Date "2018.07.21"]
[Round "2.32"]
[White "Drogou, Gerard"]
[Black "Deschin, Pierre-Antoine"]
[Result "1-0"]
[WhiteElo "1939"]
[BlackElo "2131"]
[PlyCount "109"]
[EventDate "2018.??.??"]

1. d4 Nf6 2. Nf3 e6 3. e3 b6 4. Bd3 Bb7 5. O-O d5 6. b3 Bd6 7. Bb2 O-O 8. Ne5
c5 9. Nd2 Nc6 10. a3 Ne7 11. Qf3 Ng6 12. Qh3 Ne4 13. Rad1 f5 14. Nxg6 hxg6 15.
Bxe4 dxe4 16. dxc5 Bc7 17. Nxe4 Qe7 18. cxb6 axb6 19. Nd2 Kf7 20. f4 Rh8 21.
Qg3 Qc5 22. Nc4 Rhd8 23. Be5 Ba6 24. Bxc7 Bxc4 25. Rxd8 Rxd8 26. Bxd8 Bxf1 27.
Kxf1 Qxc2 28. Bh4 Qxb3 29. Qf3 b5 30. Qb7+ Kg8 31. Qc8+ Kh7 32. Qc5 Qd3+ 33.
Kf2 Qd2+ 34. Kf3 Qd1+ 35. Kf2 Qd2+ 36. Kf1 Qd3+ 37. Ke1 Qb1+ 38. Ke2 Qb2+ 39.
Kf1 Qb1+ 40. Be1 Qb3 41. h3 Qb1 42. Qc3 Qe4 43. Kg1 Qb1 44. Kh2 Qe4 45. Qd4 Qb7
46. Bc3 Kh6 47. Qd8 Kh7 48. Qd6 Qc8 49. Qe5 Qd7 50. Qb8 Qc6 51. Be5 Qd7 52. Qc7
Qxc7 53. Bxc7 Kg8 54. Kg3 Kf7 55. Kh4 1-0

[Event "33ème Open International d'Avoine"]
[Site "Avoine"]
[Date "2018.07.21"]
[Round "2.33"]
[White "Djidjeli, Sofiane"]
[Black "Djidjeli, Sarah"]
[Result "1-0"]
[WhiteElo "2130"]
[BlackElo "1927"]
[PlyCount "39"]
[EventDate "2018.??.??"]

1. d4 d5 2. c4 e6 3. Nc3 Be7 4. Nf3 Nf6 5. Bf4 O-O 6. Rc1 c6 7. e3 Nbd7 8. cxd5
Nxd5 9. Bd3 Nxf4 10. exf4 Nf6 11. O-O c5 12. dxc5 Bxc5 13. Ne5 Bb4 14. Qf3 Bxc3
15. Rxc3 Rb8 16. Rd1 Nd5 17. Bxh7+ Kxh7 18. Qh5+ Kg8 19. Rh3 f6 20. Qh7# 1-0

[Event "33ème Open International d'Avoine"]
[Site "Avoine"]
[Date "2018.07.21"]
[Round "2.34"]
[White "Mathieu, Phileas"]
[Black "Serralta, Michel"]
[Result "1/2-1/2"]
[WhiteElo "1935"]
[BlackElo "2126"]
[PlyCount "85"]
[EventDate "2018.??.??"]

1. e4 e5 2. Nf3 d6 3. d4 exd4 4. Qxd4 a6 5. c4 Nc6 6. Qd2 Nf6 7. Nc3 g6 8. b3
Bg7 9. Bb2 O-O 10. Bd3 Re8 11. O-O-O Bg4 12. h3 Bxf3 13. gxf3 Nd4 14. Be2 c5
15. Kb1 Rb8 16. h4 h5 17. Rdg1 b5 18. Rh3 Kh7 19. Bd3 Bh6 20. Qd1 Nd7 21. Nd5
Ne5 22. Bxd4 cxd4 23. cxb5 axb5 24. f4 Nc6 25. f5 Rg8 26. fxg6+ fxg6 27. f4 Rc8
28. Rhg3 Qxh4 29. e5 Nxe5 30. fxe5 Rc1+ 31. Qxc1 Bxc1 32. Rxg6 Rxg6 33. Rxg6
Bg5 34. Rxg5+ Kh8 35. Rg1 dxe5 36. Rc1 e4 37. Bxb5 Qd8 38. Bc4 h4 39. Rh1 Qg5
40. a4 d3 41. Nc3 Qg2 42. Rxh4+ Kg7 43. Nxe4 1/2-1/2

[Event "33ème Open International d'Avoine"]
[Site "Avoine"]
[Date "2018.07.21"]
[Round "2.35"]
[White "Viers, Emmanuel"]
[Black "Bernhard, Simon"]
[Result "1-0"]
[WhiteElo "2126"]
[BlackElo "1863"]
[PlyCount "85"]
[EventDate "2018.??.??"]

1. d4 Nf6 2. Nc3 d6 3. e4 g6 4. Bg5 Bg7 5. e5 Nfd7 6. exd6 cxd6 7. Nf3 Nc6 8.
Bc4 O-O 9. O-O Nb6 10. Be2 Bg4 11. Re1 h6 12. Be3 Rc8 13. Nb5 a6 14. Na3 d5 15.
Qd2 Bxf3 16. Bxf3 Kh7 17. c3 Qd7 18. Rad1 e6 19. h4 Qe7 20. g3 Na5 21. Qc2 Kg8
22. Nb1 Nac4 23. Bc1 Rfd8 24. Re2 Qf6 25. Bg2 Nd7 26. Qb3 b5 27. a4 Qf5 28. Na3
Nxa3 29. Qxa3 Bf8 30. Qb3 Qg4 31. Rde1 b4 32. Bd2 a5 33. cxb4 axb4 34. Qd3 Rc4
35. Be3 Bd6 36. a5 Ra8 37. Qxc4 dxc4 38. Bxa8 Bc7 39. a6 c3 40. bxc3 bxc3 41.
Bc6 Nb6 42. a7 Kg7 43. Kg2 1-0

[Event "33ème Open International d'Avoine"]
[Site "Avoine"]
[Date "2018.07.21"]
[Round "2.36"]
[White "Batteux, Mickael"]
[Black "Tomasi, Elise"]
[Result "1-0"]
[WhiteElo "2106"]
[BlackElo "1847"]
[PlyCount "105"]
[EventDate "2018.??.??"]

1. d4 d5 2. Nf3 e6 3. c4 Nf6 4. g3 Be7 5. Bg2 O-O 6. O-O c5 7. dxc5 Bxc5 8. Nc3
dxc4 9. Bg5 Qxd1 10. Rfxd1 Nbd7 11. Rac1 Nb6 12. Nd2 Nfd5 13. Nce4 Bb4 14. Nxc4
h6 15. Bd2 Bxd2 16. Rxd2 Bd7 17. Nxb6 axb6 18. a3 Bc6 19. Nd6 Rfd8 20. Nc4 b5
21. Ne5 b4 22. Nxc6 bxc6 23. Rxc6 bxa3 24. bxa3 Rxa3 25. e4 Ra1+ 26. Bf1 Rb8
27. exd5 Rbb1 28. dxe6 Rxf1+ 29. Kg2 fxe6 30. Rxe6 Rg1+ 31. Kf3 Rge1 32. Re3
Red1 33. Rde2 Ra8 34. h4 Rf8+ 35. Kg2 Rd6 36. h5 Rdf6 37. f4 Rf5 38. Re5 Kh7
39. Kh3 R5f6 40. Kg4 Rb6 41. Re7 Rb5 42. Ra7 Rb4 43. Ree7 Rg8 44. Rf7 Rc4 45.
Kh3 Rc6 46. g4 Rc5 47. f5 Kh8 48. f6 Rg5 49. Kg3 Kh7 50. Kf4 Kh8 51. Rxg7 R5xg7
52. Rxg7 Rxg7 53. fxg7+ 1-0

[Event "33ème Open International d'Avoine"]
[Site "Avoine"]
[Date "2018.07.21"]
[Round "2.37"]
[White "Perrin, Alexis"]
[Black "Rubino, William"]
[Result "0-1"]
[WhiteElo "1866"]
[BlackElo "2106"]
[PlyCount "68"]
[EventDate "2018.??.??"]

1. e4 c5 2. Nf3 d6 3. d4 cxd4 4. Nxd4 Nf6 5. Nc3 a6 6. Bc4 e6 7. O-O Qc7 8. Bd3
Nbd7 9. Be3 b5 10. Nb3 Bb7 11. f3 b4 12. Ne2 d5 13. Ng3 Bd6 14. Bf2 O-O 15. Nd2
Nc5 16. Re1 Rfd8 17. Qe2 dxe4 18. fxe4 Nxd3 19. cxd3 Bxg3 20. Bxg3 Qc2 21. Nc4
Qxe2 22. Rxe2 Rxd3 23. Nd6 Bc6 24. Rc1 Bb5 25. Nxb5 axb5 26. Be1 Rd4 27. e5 Nd5
28. Rc5 h5 29. a3 bxa3 30. bxa3 Rd1 31. Kf2 Nf4 32. Rxb5 Nd3+ 33. Kf1 Rxa3 34.
Rd2 Rxe1# 0-1

[Event "33ème Open International d'Avoine"]
[Site "Avoine"]
[Date "2018.07.21"]
[Round "2.38"]
[White "Kern, Nicolas"]
[Black "Oney, Fatmanur"]
[Result "1-0"]
[WhiteElo "2104"]
[BlackElo "1780"]
[PlyCount "45"]
[EventDate "2018.??.??"]

1. e4 d6 2. Nc3 g6 3. g4 Bg7 4. Bc4 Nf6 5. f3 e5 6. Nge2 c6 7. g5 Nfd7 8. d4 b5
9. Bb3 Qb6 10. Be3 c5 11. dxc5 dxc5 12. a4 bxa4 13. Nxa4 Qc7 14. Qd5 O-O 15.
Nxc5 Nxc5 16. Qxc5 Qd7 17. Rxa7 Rxa7 18. Qxa7 Qb5 19. Nc3 Qa6 20. Qxb8 Qa1+ 21.
Nd1 Be6 22. Qa7 Qb1 23. O-O 1-0

[Event "33ème Open International d'Avoine"]
[Site "Avoine"]
[Date "2018.07.21"]
[Round "2.39"]
[White "Kocur, Marc"]
[Black "Englisch, Colya"]
[Result "0-1"]
[WhiteElo "1836"]
[BlackElo "2097"]
[PlyCount "88"]
[EventDate "2018.??.??"]

1. e4 d6 2. d4 Nf6 3. Nc3 g6 4. Bg5 Bg7 5. Qd2 h6 6. Bf4 Nbd7 7. O-O-O g5 8.
Bg3 Nh5 9. e5 dxe5 10. dxe5 Nxg3 11. hxg3 Bxe5 12. f4 gxf4 13. gxf4 Bg7 14. Rh3
c6 15. Rd3 Qc7 16. Nge2 a5 17. Ng3 Bxc3 18. bxc3 a4 19. Be2 Rg8 20. Nf5 Ra5 21.
Nxh6 Rxg2 22. f5 Re5 23. Re1 Qb6 24. c4 Qf2 25. Kd1 Rg1 26. Ra3 Rxe1+ 27. Qxe1
Qxe1+ 28. Kxe1 Nc5 29. Rg3 Bxf5 30. Rg8+ Kd7 31. Nxf7 Re6 32. Ng5 Rg6 33. Rxg6
Bxg6 34. Bg4+ Kd6 35. Bd1 Ne4 36. Nxe4+ Bxe4 37. Kd2 Kc5 38. Kc3 Bg2 39. Be2 e5
40. Bh5 Bf1 41. Bf7 e4 42. a3 e3 43. Bg8 Kd6 44. Bh7 Bxc4 0-1

[Event "33ème Open International d'Avoine"]
[Site "Avoine"]
[Date "2018.07.21"]
[Round "2.40"]
[White "Droin, Augustin"]
[Black "Boulart, Emilie"]
[Result "1/2-1/2"]
[WhiteElo "2095"]
[BlackElo "1762"]
[PlyCount "80"]
[EventDate "2018.??.??"]

1. e4 e5 2. Nf3 Nc6 3. Bc4 Nf6 4. d3 Be7 5. O-O O-O 6. a4 d6 7. c3 Bg4 8. h3
Bh5 9. Re1 Nd7 10. Nbd2 Kh8 11. Nf1 Nb6 12. Bb3 a5 13. g4 Bg6 14. Ng3 Bh4 15.
Kg2 Bxg3 16. fxg3 Qd7 17. Nh4 Rae8 18. Qf3 Ne7 19. Nf5 Ng8 20. h4 f6 21. h5 Bf7
22. Bxf7 Qxf7 23. c4 Ne7 24. Nxe7 Qxe7 25. Bd2 Ra8 26. Rf1 Nd7 27. Qe2 Nc5 28.
Rf3 Nb3 29. Raf1 Nd4 30. Qf2 Nxf3 31. Qxf3 Kg8 32. Qd1 Qd7 33. Kh3 Ra6 34. Qb3
c5 35. Qc2 g6 36. Kh4 f5 37. gxf5 gxf5 38. Qd1 Qg7 39. exf5 h6 40. g4 Rb6
1/2-1/2

[Event "33ème Open International d'Avoine"]
[Site "Avoine"]
[Date "2018.07.21"]
[Round "2.41"]
[White "Rodriguez Rodriguez, Antonio"]
[Black "Montbroussous, Adrien"]
[Result "1-0"]
[WhiteElo "2088"]
[BlackElo "1729"]
[PlyCount "41"]
[EventDate "2018.??.??"]

1. Nf3 c6 2. e4 d5 3. Nc3 dxe4 4. Nxe4 Nf6 5. Ng3 Bg4 6. Be2 e6 7. d4 Nbd7 8.
O-O Bd6 9. Ne5 Bxe2 10. Qxe2 O-O 11. Bg5 Qc7 12. Rfe1 Nd5 13. c4 Ne7 14. Rad1
Rae8 15. Nh5 Nf5 16. Nxd7 Qxd7 17. g4 Ne7 18. Bf6 g6 19. Qe3 e5 20. h3 Nf5 21.
gxf5 1-0

[Event "33ème Open International d'Avoine"]
[Site "Avoine"]
[Date "2018.07.21"]
[Round "2.42"]
[White "Francois-Haugrin, Said"]
[Black "Budak, Rewi"]
[Result "0-1"]
[WhiteElo "1821"]
[BlackElo "2075"]
[PlyCount "52"]
[EventDate "2018.??.??"]

1. e4 c5 2. Nf3 Nc6 3. Bb5 a6 4. Bxc6 dxc6 5. d3 Qc7 6. h3 e5 7. O-O Nf6 8.
Nbd2 Bd6 9. Nc4 h6 10. Bd2 Be6 11. Ba5 Qb8 12. Nxd6+ Qxd6 13. Bc3 Nd7 14. a3 g5
15. b4 cxb4 16. axb4 g4 17. Nh4 gxh3 18. g3 O-O-O 19. Kh2 Nf6 20. f3 Rhg8 21.
Ra5 Rg5 22. Qa1 Nh5 23. Bxe5 Qxb4 24. c3 Qb3 25. Rf2 Rxd3 26. Bd4 Rd1 0-1

[Event "33ème Open International d'Avoine"]
[Site "Avoine"]
[Date "2018.07.21"]
[Round "2.43"]
[White "Renard, Emmanuel"]
[Black "Plessis, Arnaud"]
[Result "0-1"]
[WhiteElo "1802"]
[BlackElo "2073"]
[PlyCount "40"]
[EventDate "2018.??.??"]

1. e4 d5 2. exd5 Qxd5 3. Nf3 Bg4 4. Be2 Nc6 5. d4 e5 6. c4 Qe4 7. d5 Nb4 8. Nc3
Qf5 9. O-O O-O-O 10. a3 Na6 11. Nb5 Kb8 12. Nxe5 Bxe2 13. Qxe2 Bd6 14. Qe3 Qxe5
15. Qxa7+ Kc8 16. f4 Qe2 17. b4 Qxc4 18. Qa8+ Kd7 19. Nxd6 Qd4+ 20. Kh1 Rxa8
0-1